书目信息 |
| 题名: |
基于Python的大数据分析基础及实战
|
|
| 作者: | 余本国 著 | |
| 分册: | ||
| 出版信息: | 北京 中国水利水电出版社 2018.07 |
|
| 页数: | 369页 | |
| 开本: | 23cm | |
| 丛书名: | ||
| 单 册: | ||
| 中图分类: | TP311.561 , TP312PY | |
| 科图分类: | ||
| 主题词: | 面向对象语言--软件工具--程序设计 | |
| 电子资源: | ||
| ISBN: | 978-7-5170-6499-2 | |
| 000 | 01205nam0 2200265 450 | |
| 001 | 10 | |
| 005 | 20180920161607.65 | |
| 010 | @a978-7-5170-6499-2@dCNY69.80 | |
| 100 | @a20180819d2018 em y0chiy50 ea | |
| 101 | 0 | @achi |
| 102 | @aCN@b110000 | |
| 105 | @aa z 000yy | |
| 200 | 1 | @a基于Python的大数据分析基础及实战@9ji yu Python de da shu ju fen xi ji chu ji shi zhan@f余本国著 |
| 210 | @a北京@c中国水利水电出版社@d2018.07 | |
| 215 | @a369页@c图@d23cm | |
| 307 | @a实际页数为:370 | |
| 314 | @a余本国,男,博士,硕士研究生导师。安徽安庆人。2001年毕业于石河子大学数学系,同年到华北工学院(后更名为中北大学)理学系任教。2012年到加拿大York University做访问学者。出版有《Python数据分析基础》等著作。 | |
| 330 | @a是一本介绍如何用Python 3.6进行数据处理和分析的学习指南。其主要内容包括:Python语言基础、数据处理、数据分析、数据可视化,以及利用Python对数据库的操作、自建Python应用库的共享发布等。本书分3个部分:第1部分为基础知识,第2部分为实战案例,第3部分为拓展与延伸。 | |
| 606 | 0 | @a面向对象语言@x软件工具@x程序设计 |
| 610 | 0 | @aPython |
| 690 | @aTP311.561@v5 | |
| 690 | @aTP312PY@v5 | |
| 701 | 0 | @a余本国@9yu ben guo@4著 |
| 801 | 0 | @aCN@b91MARC@c20180819 |
| 905 | @aMuseLib@dTP311.561@e1238 | |
| 基于Python的大数据分析基础及实战/余本国著.-北京:中国水利水电出版社,2018.07 |
| 369页:图;23cm |
| ISBN 978-7-5170-6499-2:CNY69.80 |
| 是一本介绍如何用Python 3.6进行数据处理和分析的学习指南。其主要内容包括:Python语言基础、数据处理、数据分析、数据可视化,以及利用Python对数据库的操作、自建Python应用库的共享发布等。本书分3个部分:第1部分为基础知识,第2部分为实战案例,第3部分为拓展与延伸。 |
| ● |
| 相关链接 |
|
|
|
|
正题名:基于Python的大数据分析基础及实战
索取号:TP311.561/1238
 
预约/预借
| 序号 | 登录号 | 条形码 | 馆藏地/架位号 | 状态 | 备注 |
| 1 | 1117794 | 211177947 | 第二样本阅览室/ [索取号:TP311.561/1238] | 在馆 | |
| 2 | 1117795 | 211177956 | 第三借阅区/ [索取号:TP311.561/1238] | 在馆 | |
| 3 | 1117796 | 211177965 | 第三借阅区/ [索取号:TP311.561/1238] |
已借出,限还日期为2025.11.19 借出人:李丽倩 |
|
| 4 | 1117797 | 211177974 | 第三借阅区/ [索取号:TP311.561/1238] | 在馆 | |
| 5 | 1117798 | 211177983 | 第三借阅区/ [索取号:TP311.561/1238] | 在馆 |